| 000 | 00959nam a2200289Ia 4500 | ||
|---|---|---|---|
| 003 | OSt | ||
| 005 | 20221007125646.0 | ||
| 006 | a|||||r|||| 00| 0 | ||
| 007 | ta | ||
| 008 | 221006b |||||||| |||| 00| 0 eng d | ||
| 020 |
_a8173197172 (pbk) _cRs.350.00 |
||
| 024 | _a61944 | ||
| 037 |
_b2006/CRB/0000896, 23/08/2006, Narosa Book Distributors Pvt. Ltd. _cTextual |
||
| 040 |
_aCDL _cCDL _beng |
||
| 041 |
_2eng _aeng |
||
| 082 | _aCN2, P5 Carc | ||
| 100 | _aSinha S K | ||
| 245 | 0 | _aIntroduction to statistical mechanics | |
| 260 |
_aNew _bDelhi Narosa Publishing House _c2005 |
||
| 300 |
_axv, 450p. _ccm. |
||
| 500 | _aAppendix A-G, 416-439p.; Bibliography 440-442p.; Index 443-450p. | ||
| 650 | _a Mechanics | ||
| 650 | _a Statistical mechanics | ||
| 650 | _aChemistry | ||
| 942 |
_hCN2, P5 Carc _cTEXL _2CC |
||
| 999 |
_c1215660 _d1215660 |
||